000 00476nam a2200181Ia 4500
005 20250508153152.0
008 008 250505s9999 xx 000 0 eng d
037 _aTextual
040 _aFEDL
_beng
_cFEDL
041 _aeng
_2eng
084 _a808, BRO
_qFEDL
100 _aBrooks Cleanth
245 0 _aFundamentals of good writing
260 _aLondon, UK
_bDennis Dobson
_c1956
300 _a523p.
942 _cTEXL
_h808, BRO
999 _c1341011
_d1341011